| 000 | 00403 a2200145 4500 | ||
|---|---|---|---|
| 001 | 64177 | ||
| 020 | _a9780195477160 | ||
| 082 | _a621.3835 SAL | ||
| 090 |
_c37920 _d37920 |
||
| 100 | _aSalik Naeem | ||
| 245 | _aGenesis of South Asian Nuclear Deterrence ; pakistan's perspective | ||
| 260 |
_aKarachi _bOxford University Press _c2009 |
||
| 300 | _axiii, 324p ; Hb | ||
| 740 | _aNuclear Deterrence | ||
| 942 |
_acaenust _k621.4835 SAL |
||
| 999 |
_c299250 _d299250 |
||